| 000 | | | 06016nac2a22003853x 450 |
| 001 | | | d6994749-5780-49de-984b-483e7888cfd0 |
| 005 | | | 20240819174515.0 |
| 100 | ## | $a | 20240716l1880 k y0rusy50 ca |
| 101 | 0# | $a | rus |
| 102 | ## | $a | RU |
| 105 | ## | $a | y z ||||| |
| 122 | 0# | $a | d18800805 |
| 200 | 1# | $a | Письмо Лорис-Меликова М. Т. императору Александру II о возможности организации в Берлине агентства, о краже у статс-секретаря Гирса вещей и о побеге политических преступников. (С пометами Александра II) |
| | $j | 05.08.1880 |
| 215 | ## | $a | 1 лист |
| | $d | 37 х 24,3 |
| 251 | ## | $c | Дело |
| 300 | ## | $a | Заголовок дела на папке: Письмо Лорис-Меликова, М. Т. Александру II о возможности организации в Берлине агентства, о покраже у статс-секретаря Гирса вещей и о побеге политических ссыльных (преступников) из Восточной Сибири, с пометами Александра II |
| 300 | ## | $a | Рукописный текст |
| 325 | ## | $a | Замикрофильмировано |
| 330 | ## | $a | Входит в раздел описи: Материалы, относящиеся к деятельности Лорис-Меликова М. Т. в Верховной Распорядительной Комиссии |
| 461 | #0 | $1 | 001cda3d175-ae4a-411a-8dea-9cc20fb178f6 |
| | $1 | 2001 |
| | $a | Лорис-Меликов Михаил Тариелович, граф, министр внутренних дел, главный начальник "верховной распорядительной комиссии по охранению государственного порядка и общественного спокойствия", генерал от кавалерии |
| | $1 | 251 |
| | $c | Фонд |
| | $1 | 852 |
| | $j | 569 |
| 462 | #0 | $1 | 001163e060a-d7cc-404d-90ee-e28c9801971b |
| | $1 | 2001 |
| | $a | Опись дел фонда М. Т. Лорис-Меликова за 1858-1915 гг. |
| | $v | Д. 68 |
| | $1 | 251 |
| | $c | Опись |
| | $1 | 852 |
| | $j | 1 |
| 517 | 1# | $a | Письмо Лорис-Меликова, М. Т. Александру II о возможности организации в Берлине агентства, о покраже у статс-секретаря Гирса вещей и о побеге политических ссыльных (преступников) из Восточной Сибири, с пометами Александра II |
| 600 | #1 | $a | Гирс |
| 600 | #1 | $a | Лорис-Меликов |
| | $b | М. Т. |
| | $g | Михаил Тариелович |
| 605 | ## | $3 | DITM\AF\0000002775 |
| | $a | Власть |
| | $l | коллекция |
| | $2 | acquisition_prlib |
| 607 | ## | $a | Берлин, город |
| 607 | ## | $a | Восточная Сибирь |
| 610 | 1# | $a | Письмо |
| | $a | Политические преступники |
| | $a | Побег |
| | $a | Кража |
| 686 | ## | $a | 63.3(2)535-332ю1 |
| | $c | История |
| | $2 | rubbk |
| 686 | ## | $a | 67.400.6ю1 |
| | $c | Право |
| | $2 | rubbk |
| 700 | #1 | $a | Лорис-Меликов |
| | $b | М. Т. |
| | $g | Михаил Тариелович |
| 702 | #0 | $a | Александр |
| | $c | имп. |
| | $d | II |
| | $4 | 660 |
| 801 | #0 | $a | RU |
| | $b | GA_RF |
| 801 | #1 | $a | RU |
| | $b | ГлавНИВЦ |
| | $c | 20240716 |
| | $2 | rusmarc |
| 801 | #2 | $a | RU |
| | $b | ПБ им. Б.Н. Ельцина |
| | $c | 20240819 |
| | $g | RCR |
| | $2 | rusmarc |
| 852 | ## | $a | ГА РФ |
| | $j | 68 |
| 937 | ## | $d | 193621306 |
| | $h | ГАРФ |
| 035 | ## | $a | RuPRLIB51076419 |
| 856 | ## | $u | http://readingroom.main.prlib.ru/item.aspx?id_node=n193621306&mode=full |